Vykorystannja ekonomiko-matematyčnych metodiv pry doslidženni bankivs`koji systemy Ukrajiny
Guardado en:
| Autor principal: | |
|---|---|
| Otros Autores: | , |
| Formato: | Capítulo de libro |
| Lenguaje: | ucraniano |
| Materias: | |
| Etiquetas: |
Sin Etiquetas, Sea el primero en etiquetar este registro!
|
MARC
| LEADER | 00000naa$a2200000$$$4500 | ||
|---|---|---|---|
| 001 | 0252285 | ||
| 005 | 20240502083721.7 | ||
| 041 | 0 | |a ukr | |
| 044 | |a PL | ||
| 245 | 1 | 0 | |a Vykorystannja ekonomiko-matematyčnych metodiv pry doslidženni bankivs`koji systemy Ukrajiny |c Nadiya Dubrovina, Vira Dubrovina, Jana Péliová |
| 610 | 2 | 0 | |a banky |
| 610 | 2 | 0 | |a trh finančný |
| 610 | 2 | 0 | |a metódy ekonomicko-matematické |
| 610 | 2 | 0 | |a rating |
| 610 | 2 | 0 | |a Ukrajina |
| 100 | 1 | |a Dubrovina, Nadiya, 1972- | |
| 700 | 1 | |a Dubrovina, Vira | |
| 700 | 1 | |a Péliová, Jana, 1976- | |